Text book of preventive and social medicine (Record no. 24461)

MARC details
000 -LEADER
fixed length control field 00324nam a2200133Ia 4500
082 ## - DEWEY DECIMAL CLASSIFICATION NUMBER
Classification number 614
Item number PAR
100 ## - MAIN ENTRY--AUTHOR NAME
Personal name Park, J E
245 #0 - TITLE STATEMENT
Title Text book of preventive and social medicine
250 ## - EDITION STATEMENT
Edition statement Ed.5
260 ## - PUBLICATION, DISTRIBUTION, ETC. (IMPRINT)
Place of publication Jabalpur
Name of publisher Singhai
Year of publication 1976
700 ## - ADDED ENTRY--PERSONAL NAME
Personal name Park, K
942 ## - ADDED ENTRY ELEMENTS (KOHA)
Koha item type Books
Holdings
Withdrawn status Lost status Damaged status Not for loan Home library Current library Date acquired Cost, normal purchase price Full call number Accession Number Koha item type
        RRII Library RRII Library 16/12/2021 45.00 614 PAR 05142 Books